000 00909nam a22002537a 4500
001 25516
005 20260428111812.0
008 260428b |||||||| |||| 00| 0 spa d
020 _a9786124460715
041 _aESP
082 _a321.8042
_bH44 V. 1
100 _aHernández Chávez, Pedro A.
_eAUT
245 _aEl modelo de gobierno peruano :
_bun neopresidencialismo disfuncional : sobre la necesidad de rediseñar nuestro régimen político
250 _aPrimera edición
260 _aLima :
_bUniversidad de San Martín de Porres, Fondo Editorial,
_c2025
300 _axxxvi, 394 páginas :
_c25 cm.
440 _a ;
650 _aCIS
653 _aCiencia política; Sistemas de gobierno; Gobierno democrático; Gobierno presidencial
654 _aCDE
700 _a;
856 _uhttps://itmsp.museknowledge.com/UCSP?groupID=2
_zVéase Biblioteca Digital
942 _cLIB
_dJUS
_fTRC
_n0
_2ddc
999 _c25516
_d25516